Boundless peace that Jesus gives : (Record no. 44130)

MARC details
000 -LEADER
fixed length control field 00454nam a22001457a 4500
008 - FIXED-LENGTH DATA ELEMENTS--GENERAL INFORMATION
fixed length control field 150129b xxu||||| |||| 00| 0 eng d
050 ## - LIBRARY OF CONGRESS CALL NUMBER
Classification number BT736.4
Item number .S75 1989
100 ## - MAIN ENTRY--PERSONAL NAME
Personal name Stira, Ananda.
245 ## - TITLE STATEMENT
Title Boundless peace that Jesus gives :
Statement of responsibility, etc by Ananda, Stira.
260 ## - PUBLICATION, DISTRIBUTION, ETC. (IMPRINT)
Place of publication, distribution, etc Tennur, Trichy :
Name of publisher, distributor, etc Paul Printers ;
Date of publication, distribution, etc 1989.
300 ## - PHYSICAL DESCRIPTION
Extent 90 p. :
Dimensions 21 cm.
650 ## - SUBJECT ADDED ENTRY--TOPICAL TERM
Topical term or geographic name as entry element Jesus Christ
General subdivision Teachings
650 ## - SUBJECT ADDED ENTRY--TOPICAL TERM
Topical term or geographic name as entry element Peace
General subdivision Christianity
-- Religious aspects
942 ## - ADDED ENTRY ELEMENTS (KOHA)
Source of classification or shelving scheme Library of Congress Classification
Item type Book
Holdings
Withdrawn status Lost status Source of classification or shelving scheme Damaged status Not for loan Collection code Home library Current library Shelving location Date acquired Source of acquisition Total Checkouts Full call number Barcode Copy number Price effective from Koha item type
    Library of Congress Classification     Non-fiction Bishop Okullu Memorial Library (Limuru Campus) Bishop Okullu Memorial Library (Limuru Campus) General Circulation 29/01/2015 Donation   BT736.4 .S75 1989 042109 1 29/01/2015 Book